| 000 | 00535nam a22001817a 4500 | ||
|---|---|---|---|
| 005 | 20251108172002.0 | ||
| 008 | 250721s1979 xx 000 0 ara d | ||
| 082 | 1 | 4 | _a811.1/أوس |
| 100 | 1 | _aأوس بن حجر، أبو شريح أوس بن حجر ... | |
| 245 | 1 | 0 | _aديوان أوس بن حجر / |
| 250 | _aط.3. | ||
| 264 | 1 |
_aبيروت : _bدار صادر، _c1979. |
|
| 300 | _a198ص. | ||
| 650 | 1 | 7 | _aالشعر الجاهلي |
| 700 | 1 |
_aنجم، محمد يوسف _eتحقيق |
|
| 942 |
_2ddc _cBK |
||
| 999 |
_c67587 _d67587 |
||